| 000 | 01762nam0a2200325 4500 | ||
|---|---|---|---|
| 001 | RU\NLR\bibl\950839 | ||
| 005 | 20260406183251.0 | ||
| 010 |
_a5-9749-0003-0 _91000 |
||
| 021 |
_aRU _b2006-32450 _91622 |
||
| 035 | _a(NLR Aleph) 000938944 | ||
| 090 |
_a207449 _c207449 |
||
| 100 | _a20060518d2005 |||y0rusy50 ca | ||
| 101 | 0 | _arus | |
| 102 | _aRU | ||
| 105 | _aa ||||||||| | ||
| 200 | 1 |
_aКамень-на-Оби: прошлое и настоящее _e[сборник документов] _fУпр. архив. дела администрации Алт. края, Муницип. образование гор. округа "Город Камень-на-Оби" _g[редкол.: ...В.А. Скубневский (д.и.н., проф., науч. ред.), В.И. Шейнова] |
|
| 210 |
_aБарнаул _cАгентство рекламных технологий - АРТ _d2005 |
||
| 215 |
_a551 с. _cил., цв. портр., факс. _d21 |
||
| 320 | _aКамень-на Оби: библиогр. указ. / В.П. Колбунова, Н.А. Воробьева: с. 499-528 (389 назв.) | ||
| 320 | _aИмен. указ.: с. 529-531 | ||
| 607 |
_aКамень-на-Оби, город (Алтайский край) _jДокументы и материалы _xИстория _92428750 _3RU\NLR\auth\661445817 |
||
| 686 | _aТ3(2Р-4Ал-2К) | ||
| 702 | 1 |
_8rus _7ca _aСкубневский _bВ. А. _f1945- _gВалерий Анатольевич _3RU\NLR\auth\776129 _9116084 |
|
| 712 | 0 | 1 |
_4570 _aАлтайский край _bУправление архивного дела _3RU\NLR\AUTH\889948391 _9392373 |
| 801 | 0 |
_aRU _bNLR _c20060518 _grcr |
|
| 801 | 1 |
_aRU _bNLR _c20060518 |
|
| 942 | _cBOOK | ||
| 980 | _aNB | ||
| 980 | _aNBR | ||